Normal view
MARC view
- Electrical Engineering-Application of Compressive Sensing
Entry Topical Term
001 - CONTROL NUMBER
- control field: 35247
003 - CONTROL NUMBER IDENTIFIER
- control field: NUST
005 - DATE AND TIME OF LATEST TRANSACTION
- control field: 20201112163356.0
008 - FIXED-LENGTH DATA ELEMENTS
- fixed length control field: 201112|| aca||aabn | a|a d
040 ## - CATALOGING SOURCE
- Original cataloging agency: NUST
- Transcribing agency: NUST
150 ## - HEADING--TOPICAL TERM
- Topical term or geographic name entry element: Electrical Engineering-Application of Compressive Sensing
670 ## - SOURCE DATA FOUND
- Source citation: Work cat.: (NUST): Iqbal, Nadia 35246, Application of Compressive Sensing for Efficient Spectrum Sensing and Detection Using Cognitive Radio /, 2014
